Normal view
MARC view
- Imran
Entry Personal Name
001 - CONTROL NUMBER
- control field: 17336
003 - CONTROL NUMBER IDENTIFIER
- control field: NUST
005 - DATE AND TIME OF LATEST TRANSACTION
- control field: 20190710113031.0
008 - FIXED-LENGTH DATA ELEMENTS
- fixed length control field: 190710|| aca||aabn | a|a d
040 ## - CATALOGING SOURCE
- Original cataloging agency: NUST
- Transcribing agency: NUST
100 ## - HEADING--PERSONAL NAME
- Personal name: Imran
670 ## - SOURCE DATA FOUND
- Source citation: Work cat.: (NUST): Imran, Ak Jugnu di Rushnai /, 1995.
